000
00338nam a2200133Ia 4500
008
240624s9999 xx 000 0 und d
041
_a
eng
082
_a
658.812 CUR
100
_a
CURTIN STEVE
245
_a
DELIGHT YOUR CUSTOMERS 7 SIMPLE WAYS TO
260
_c
2013
_a
New York
_b
Amacom
300
_a
vii, 196 p.; 23 cm.
365
_c
_b
38
999
_c
30503
_d
30503